Catalog

Record Details

Catalog Search



Record details

  • ISBN: 9781435893542 (library binding)
  • ISBN: 9781435898042 (pbk.)
  • ISBN: 1435893549 (library binding)
  • ISBN: 9781435898059 (6-pack)
  • ISBN: 1435898044 (pbk.)
  • ISBN: 1435898052 (6-pack)
  • Physical Description: 24 p. : col. ill., col. map ; 21 cm.
  • Edition: 1st ed.
  • Publisher: New York : PowerKids Press, 2010.

Content descriptions

General Note:
Includes index.
Formatted Contents Note:
Land of 10,000 Lakes -- Once upon a time in ... Read More
Subject: Minnesota > Juvenile literature.
Minnesota.
LDR 01510cam a22003858a 4500
001116726
003LARL_NWRL_CONSORTIUM
00520100408105124.0
008090701s2010 nyuab j 001 0 eng
020 . ‡a9781435893542 (library binding)
020 . ‡a9781435898042 (pbk.)
020 . ‡a1435893549 (library binding)
020 . ‡a9781435898059 (6-pack)
020 . ‡a1435898044 (pbk.)
020 . ‡a1435898052 (6-pack)
035 . ‡a(OCoLC)421950306
043 . ‡an-us-mn
08200. ‡a977.6 ‡222
1001 . ‡aDowney, Tika. ‡0(LARL_NWRL_CONSORTIUM)133930
24510. ‡aMinnesota : ‡bLand of 10,000 Lakes / ‡cTika Downey.
250 . ‡a1st ed.
260 . ‡aNew York : ‡bPowerKids Press, ‡c2010.
300 . ‡a24 p. : ‡bcol. ill., col. map ; ‡c21 cm.
4900 . ‡aOur amazing states
500 . ‡aIncludes index.
5050 . ‡aLand of 10,000 Lakes -- Once upon a time in Minnesota -- Land, lakes, and more -- Weather and wild things -- Farms, forests, and factories -- The Twin Cities -- Spponbridge and cherry -- Split Rock lighthouse -- Fun and adventure.
651 0. ‡aMinnesota ‡vJuvenile literature.
651 1. ‡aMinnesota. ‡0(LARL_NWRL_CONSORTIUM)55629
901 . ‡a116726 ‡bOCLC ‡c116726 ‡tbiblio

Additional Resources